Representation theory of algebras and related topics : proceedings of the workshop at UNAM, Mexico, August 16-20, 1994 /
Guardado en:
| Autor Corporativo: | |
|---|---|
| Otros Autores: | , , |
| Formato: | Libro |
| Idioma: | English |
| Publicado: |
Providence, R.I. :
American Mathematical Society for the Canadian Mathematical Society,
c1996.
|
| Series: | Conference proceedings (Canadian Mathematical Society) ;
v. 19. |
| Materias: | |
| Etiquetas: |
Agregar Etiqueta
Sin Etiquetas, Sea el primero en etiquetar este registro!
|
| LEADER | 02322cam a2200277 a 4500 | ||
|---|---|---|---|
| 001 | MAT.inmabb004836 | ||
| 008 | 960102s1996####riua#####b####100#0#eng## | ||
| 005 | 20160527151649.0 | ||
| 245 | 0 | 0 | |a Representation theory of algebras and related topics : |b proceedings of the workshop at UNAM, Mexico, August 16-20, 1994 / |c Raymundo Bautista, Roberto Martínez-Villa, José Antonio de la Peña, editors. |
| 260 | |a Providence, R.I. : |b American Mathematical Society for the Canadian Mathematical Society, |c c1996. | ||
| 300 | |a xvii, 406 p. : |b il. ; |c 26 cm. | ||
| 490 | 1 | |a Conference proceedings / Canadian Mathematical Society, |x 0731-1036 ; |v v. 19 | |
| 504 | |a Incluye referencias bibliográficas. | ||
| 505 | 0 | |a Ibrahim Assem and Andrzej Skowro 'nski, Coils and multicoil algebras -- Yuri A. Drozd [Yu. A. Drozd], Cohen-Macaulay modules over Cohen-Macaulay algebras -- Christof Geiß, Geometric methods in representation theory of finite-dimensional algebras -- Otto Kerner, Representations of wild quivers -- Shiping Liu, Shapes of connected components of the Auslander-Reiten quivers of Artin algebras -- Hiraku Nakajima, Varieties associated with quivers -- J. A. de la Pe na, The Tits form of a tame algebra -- Claus Michael Ringel, Green's theorem on Hall algebras -- Idun Reiten, Homological theory of Noetherian rings -- K. W. Roggenkamp, Almost split sequences and triangles for Artin algebras and orders -- Andrzej Skowro 'nski, Module categories over tame algebras -- S. Paul Smith, Some finite-dimensional algebras related to elliptic curves -- Martha Takane, The Coxeter transformations of representation infinite quivers -- Birge Huisgen Zimmermann [Birge Zimmermann-Huisgen], Analyzing the structure of representations via approximations. | |
| 510 | 4 | |a MR, |c 96k:16020 | |
| 020 | |a 0821803964 | ||
| 700 | 1 | |a Bautista, Raymundo. |4 edt | |
| 700 | 1 | |a Martínez-Villa, Roberto. |4 edt | |
| 700 | 1 | |a Peña, José Antonio de la, |d 1958- |4 edt | |
| 711 | 2 | |a Workshop on Representation Theory of Algebras and Related Topics |d (1994 : |c Mexico City, Mexico) | |
| 830 | 0 | |a Conference proceedings (Canadian Mathematical Society) ; |v v. 19. | |
| 650 | 0 | |a Representations of algebras |x Congresses. | |
| 084 | |a 16Gxx (16-06) |2 msc2000 | ||
| 010 | |a 96004255 | ||
| 040 | |a DLC |c DLC |d DLC | ||
| 859 | |h 16 |i W926-1994 |p A-7290 |b BIB. MATEMATICA | ||
